Statistieken voor Meerkeuze Spanje

Klik hier om de quiz te nemen!

Algemene statistieken

  • Deze quiz is 218 keer genomen
    (216 sinds de laatste reset)
  • De gemiddelde score is 8 van 15

Antwoordstatistieken

VraagAntwoord% Correct
Wat is de hoofdstad van Spanje?Madrid
79%
Wat is de munteenheid van Spanje?Euro
78%
Wat is het dier van Spanje?Stier
71%
Welke taal, is naast Spaans, nog een officiële taal in Spanje?Catalaans
70%
Welke van de volgende bekende mensen werd in Spanje geboren?Pablo Picasso
68%
Spanje heeft 2 autonome steden op het Afrikaanse continent. Aan welk land grenzen deze exclaves?Marokko
67%
Christoffel Columbus heeft onder Spaanse Vlag de Nieuwe Wereld ontdekt, ondanks dat hij niet in Spanje is geboren.Waar
65%
Met welk van zijn buurlanden deelt Spanje de langste grens?Portugal
62%
Aan welk van volgende zeeën grenst Spanje NIET?Noordzee
59%
Welke van de volgende landen is GEEN buurland van Spanje?Italië
45%
Hoeveel keer is Spanje al wereldkampioen voetbal geweest?Een keer
37%
Weke van de volgende kleuren staat NIET op de Spaanse vlag?Oranje
33%
Welke van deze uitspraken is NIET waar?Andorra was een Spaanse kolonie.
30%
Op welke plaats wereldwijd staat Spanje als het over jaarlijkse toeristen staan?Derde
26%
De autonome gebieden van Spanje hebben officieel het statuut van … ?Gemeenschap
17%

Scoreverdeling

Percentiel versus Aantal Correcte Antwoorden

Procent van Mensen met Elke Score

Uw Scoregeschiedenis

U heeft deze quiz nog niet genomen sinds de laatste reset